Classical Banach spaces /

Guardado en:
Autor Principal: Lindenstrauss, Joram, 1936-
Otros Autores: Tzafriri, Lior, 1936-
Formato: Libro
Idioma:English
Publicado: Berlin : Springer-Verlag, 1977-1979.
Series:Ergebnisse der Mathematik und ihrer Grenzgebiete ; 92, 97
Materias:
Etiquetas: Agregar Etiqueta
Sin Etiquetas, Sea el primero en etiquetar este registro!
LEADER 00958cam a2200277 a 4500
001 MAT.inmabb004102
008 770110m19771979gw#######b####001#0#eng##
005 20130305100236.0
245 1 0 |a Classical Banach spaces /  |c Joram Lindenstrauss, Lior Tzafriri. 
260 |a Berlin :  |b Springer-Verlag,  |c 1977-1979. 
300 |a 2 v. ;  |c 25 cm. 
440 0 |a Ergebnisse der Mathematik und ihrer Grenzgebiete ;  |v 92, 97 
504 |a Incluye referencias bibliográficas e índices. 
505 1 |a 1. Sequence spaces. -- 2. Function spaces. 
510 4 |a MR,  |c 58 #17766  |3 (v. 1) 
500 |a La biblioteca sólo posee el v. 1.  |5 AR-BbIMB 
020 |a 0387080724 (v. 1) 
100 1 |a Lindenstrauss, Joram,  |d 1936- 
700 1 |a Tzafriri, Lior,  |d 1936- 
650 0 |a Banach spaces. 
650 0 |a Sequence spaces. 
650 0 |a Function spaces. 
084 |a 46-02  |2 msc2000 
010 |a  77023131  
040 |a DLC  |c DLC  |d DLC 
859 |h 46  |i L744  |p A-5779  |v 1  |b BIB. MATEMATICA